[Event "Leningrad-ch"]
[Site "Leningrad"]
[Date "1990.??.??"]
[Round "?"]
[White "Sakaev, Konstantin"]
[Black "Vorotnikov, Vladislav V"]
[Result "1-0"]
[WhiteElo "2370"]
[BlackElo "2405"]

1.c4 d6 2.Nc3 e5 3.Nf3 f5 4.d4 e4 5.Ng5 Be7 6.Nh3 c6 7.g3 Na6 8.Bg2 Nc7 9.O-O Nf6
10.d5 O-O 11.a4 Ng4 12.f3 exf3 13.exf3 Ne5 14.b3 Bf6 15.Bb2 cxd5 16.cxd5 Na6
17.Nf2 Bd7 18.Kh1 Qa5 19.Rb1 h5 20.Ne2 Rac8 21.Nf4 h4 22.Nh5 hxg3 23.hxg3 Qd8
24.Kg1 Kf7 25.Nxf6 gxf6 26.f4 Ng4 27.Nxg4 fxg4 28.f5 Rg8 29.Rf4 Qc7 30.Rxg4 Qc2
31.Qxc2 Rxc2 32.Rxg8 Kxg8 33.Bxf6 Bxf5 34.Rf1 Bd3 35.Rf4 Rc1+ 36.Kh2 Re1
37.Bd4 b6 38.Rf6 Nc5 39.Bxc5 dxc5 40.d6 Re8 41.Bd5+ Kg7 42.Rf7+ Kg6 43.Rxa7 Re2+
44.Kg1  1-0

[Event "Leningrad it"]
[Site "Leningrad"]
[Date "1990.??.??"]
[Round "?"]
[White "Zdrojewski, Wojciech"]
[Black "Sakaev, Konstantin"]
[Result "0-1"]
[WhiteElo "2265"]
[BlackElo "2370"]

1.d4 Nf6 2.c4 e6 3.Nc3 Bb4 4.g3 O-O 5.Bg2 d5 6.a3 Bxc3+ 7.bxc3 c5 8.cxd5 exd5
9.Nh3 Ne4 10.dxc5 Qa5 11.O-O Qxc5 12.Be3 Qc4 13.Nf4 Rd8 14.Rc1 Nc6 15.Qd3 Qxd3
16.exd3 Nf6 17.Rb1 g5 18.Ne2 h6 19.h3 b6 20.c4 Bb7 21.c5 Ba6 22.Rfd1 bxc5
23.Bxc5 Rd7 24.Nd4 Nd8 25.Nf5 Kh7 26.h4 Ne6 27.Bb4 Re8 28.hxg5 hxg5 29.Rbc1 Kg6
30.Ne3 Nd4 31.Rc5 Ne2+ 32.Kf1 Nxg3+ 33.Kg1 Ne2+ 34.Kf1 Nf4 35.Rc6 Bb5  0-1

[Event "Leningrad it"]
[Site "Leningrad"]
[Date "1990.??.??"]
[Round "?"]
[White "Yuneev, Alexey"]
[Black "Sakaev, Konstantin"]
[Result "1/2-1/2"]
[WhiteElo "2370"]
[BlackElo "2370"]

1.e4 c5 2.Nf3 e6 3.d4 cxd4 4.Nxd4 Nf6 5.Nc3 d6 6.g4 a6 7.g5 Nfd7 8.Be3 b5
9.a3 Nb6 10.Rg1 N8d7 11.f4 Bb7 12.f5 e5 13.Nb3  1/2-1/2

[Event "Leningrad it"]
[Site "Leningrad"]
[Date "1990.??.??"]
[Round "?"]
[White "Schmidt, Stefan"]
[Black "Sakaev, Konstantin"]
[Result "0-1"]
[WhiteElo "2285"]
[BlackElo "2370"]

1.e4 c5 2.Nf3 e6 3.d4 cxd4 4.Nxd4 Nf6 5.Nc3 d6 6.g4 a6 7.g5 Nfd7 8.Rg1 b5
9.a3 Bb7 10.Be3 Nc5 11.Qg4 Nbd7 12.O-O-O Qa5 13.f4 b4 14.axb4 Qxb4 15.Nde2 Rb8
16.Bd4 Bc6 17.Na2 Qb7 18.Bg2 Nxe4 19.Rde1 d5 20.Bxe4 dxe4 21.Rg3 Bd5 22.Nac3 Qxb2+
23.Kd2 Bb4 24.Rb1 Qxb1  0-1

[Event "Leningrad it"]
[Site "Leningrad"]
[Date "1990.??.??"]
[Round "?"]
[White "Sakaev, Konstantin"]
[Black "Karasev, Vladimir I"]
[Result "1/2-1/2"]
[WhiteElo "2370"]
[BlackElo "2375"]

1.d4 Nf6 2.c4 g6 3.Nc3 d5 4.Nf3 Bg7 5.cxd5 Nxd5 6.e4 Nxc3 7.bxc3 O-O 8.Rb1 c5
9.Be2 cxd4 10.cxd4 Qa5+ 11.Bd2 Qxa2 12.O-O Nd7 13.Bb4 Nb6 14.Ne5 f6 15.Nc4 Nxc4
16.Ra1 Ne3 17.Rxa2 Nxd1 18.Bc4+ Kh8 19.Rxd1 Bd7 20.Bxe7 Rfe8 21.Bd6 a5 22.e5 fxe5
23.dxe5 Be6 24.Bxe6 Rxe6 25.Rd5 b6 26.f4 Bf8 27.Bxf8 Rxf8 28.g3 Rc6 29.Kg2 Kg8
30.Kf3 h5 31.Rb5 Kf7 32.Rab2  1/2-1/2

[Event "Leningrad it"]
[Site "Leningrad"]
[Date "1990.??.??"]
[Round "?"]
[White "Sakaev, Konstantin"]
[Black "Cherepkov, Alexander V"]
[Result "1-0"]
[WhiteElo "2370"]
[BlackElo "2425"]

1.d4 d5 2.c4 e6 3.Nc3 Nf6 4.cxd5 exd5 5.Bg5 Be7 6.e3 O-O 7.Bd3 Nbd7 8.Qc2 Re8
9.Nge2 Nf8 10.O-O c6 11.f3 Be6 12.Kh1 Rc8 13.Rad1 Qa5 14.a3 c5 15.dxc5 Qxc5
16.Nd4 h6 17.Bh4 a6 18.Qb3 b5 19.Nce2 N6d7 20.Bf2 Qc7 21.Bb1 Nc5 22.Qc2 Qb7
23.Qd2 Red8 24.Nf4 Bg5 25.Bg3 Na4 26.Nh5 Qe7 27.Qf2 g6 28.Nf4 Nb6 29.Ndxe6 Nxe6
30.Nxe6 Qxe6 31.f4 Be7 32.f5 Qf6 33.fxg6 Qxf2 34.Rxf2 fxg6 35.Bxg6 Rf8 36.Bf5 Rc6
37.e4 dxe4 38.Bxe4 Rxf2 39.Bxf2 Re6 40.Bb7 a5 41.Re1 Rxe1+ 42.Bxe1 b4 43.Bf2 Na4
44.b3 Nc3 45.a4 Bd8 46.g3 Kf7 47.Kg2 Ke6 48.Kf3 Ke5 49.Bc5 h5 50.Ke3 Bg5+
51.Kd3 Bd8 52.Bd4+ Kf5 53.Bc8+ Kg6 54.Be6 Bc7 55.Kc4 Bd8 56.Kc5 Ne2 57.Be3 Kf6
58.Bc4 Nc3 59.Kc6 Ne4 60.Kd7  1-0

[Event "Leningrad it"]
[Site "Leningrad"]
[Date "1990.??.??"]
[Round "?"]
[White "Anastasian, Ashot"]
[Black "Sakaev, Konstantin"]
[Result "0-1"]
[WhiteElo "2475"]
[BlackElo "2370"]

1.d4 d5 2.c4 dxc4 3.Nc3 a6 4.a4 e5 5.d5 Nf6 6.e3 Bb4 7.Bxc4 c6 8.dxc6 Qxd1+
9.Kxd1 Nxc6 10.Ke2 O-O 11.Nd5 Nxd5 12.Bxd5 Rd8 13.Bxc6 bxc6 14.Nf3 a5 15.Ng5 f5
16.h4 h6 17.Nh3 Be6 18.f4 e4 19.Kf2 Rd7 20.Kg3 Bb3 21.h5 Kf7 22.Nf2 g6 23.hxg6+ Kxg6
24.Kh2 h5 25.Rg1 Rad8 26.Rh1 Be7 27.Kh3 Rd5 28.Kg3 c5 29.Kh3 c4 30.Kg3 Rb8
31.Re1 Bf6 32.Re2 Kf7 33.Kh3 Rb4 34.Rd2 Rxd2 35.Bxd2 Rxa4 36.Rxa4 Bxa4 37.Bc1 Bb3
38.Nh1 a4 39.Ng3 Bd1 40.Nf1 Be2 41.Ng3 Bg4+ 42.Kh2 Ke6 43.Kg1 Kd5 44.Kf2 Kc5
45.Nf1 Kb4 46.Nd2 c3  0-1

[Event "Leningrad it"]
[Site "Leningrad"]
[Date "1990.??.??"]
[Round "?"]
[White "Minasian, Artashes"]
[Black "Sakaev, Konstantin"]
[Result "1/2-1/2"]
[WhiteElo "2495"]
[BlackElo "2370"]

1.b3 Nf6 2.Bb2 d5 3.e3 g6 4.f4 Bg7 5.Nf3 O-O 6.Be2 c5 7.O-O Nc6 8.Ne5 Qc7
9.c4 dxc4 10.Nxc6 Qxc6 11.bxc4 Bf5 12.g4 Be6 13.g5 Ne8 14.Bxg7 Nxg7 15.Nc3 Rad8
16.Qc2 Qd7 17.d3 Nf5 18.Qc1 h6 19.gxh6 Nxh6 20.Rf2 Bg4 21.Nd5 Bxe2 22.Rxe2 f6
23.Qb2 Kg7 24.Rd1 Qg4+ 25.Kf1 Rd7 26.Qb5 b6 27.Rdd2 Rfd8 28.Qb2 Nf5 29.e4 Nd4
30.Rg2 Qf3+ 31.Kg1 Qh3 32.f5 g5 33.Qb1 Kf7 34.Rdf2 Rh8 35.Qd1 Rdd8 36.Kh1  1/2-1/2

[Event "Wch U16"]
[Site "Singapore"]
[Date "1990.??.??"]
[Round "?"]
[White "Zoler, Dan"]
[Black "Sakaev, Konstantin"]
[Result "0-1"]
[WhiteElo "2275"]
[BlackElo "2370"]

1.d4 Nf6 2.Nf3 e6 3.c4 d5 4.Nc3 dxc4 5.e3 a6 6.a4 c5 7.Bxc4 Nc6 8.O-O Be7
9.Qd3 O-O 10.Rd1 Qc7 11.Ne4 Rd8 12.Bd2 b6 13.Rac1 Bb7 14.Nxf6+ Bxf6 15.Ba2 cxd4
16.exd4 Qd6 17.Bc3 Nb4 18.Bxb4 Qxb4 19.Rc7 Rab8 20.Bb1 g6 21.Qe3 Qd6 22.Rc3 Bxf3
23.Qxf3 Bxd4 24.Rcd3 e5 25.Ba2 Rd7 26.g3 Rc8 27.Bb3 Kg7 28.Kg2 a5 29.Qe2 Qc6+
30.f3 Re8 31.Qe4 Qxe4 32.fxe4 Rc7 33.R3d2 Rc5 34.Bd5 Re7 35.Kf3 f5 36.Kg2 Re8
37.b3 Rc3 38.Rd3 Rc5 39.R3d2 Rb8 40.Kf3 Rf8 41.Bc4 h5 42.exf5 gxf5 43.Rf1 Rc6
44.Rc2 h4 45.Ke2 Rg6 46.Bd3 e4 47.Rc7+ Kh6 48.Bxe4 Re8 49.Rxf5 Rxe4+ 50.Kd3 hxg3
51.hxg3 Reg4 52.Rf1 Bc5 53.Rh1+ Kg5 54.Rch7 Kf5 55.Rf1+ Ke5 56.Rh5+ Kd6 57.Rhf5 Rxg3+  0-1

[Event "Wch U16"]
[Site "Singapore"]
[Date "1990.??.??"]
[Round "?"]
[White "Liss, Eran"]
[Black "Sakaev, Konstantin"]
[Result "1/2-1/2"]
[WhiteElo "2300"]
[BlackElo "2370"]

1.e4 c5 2.c3 e5 3.Nf3 Nc6 4.d4 exd4 5.cxd4 cxd4 6.Nxd4 Nf6 7.Nxc6 dxc6 8.Qxd8+ Kxd8
9.f3 Be6 10.Nc3 Bb4 11.Bd2 Ke7 12.g4 h6 13.h4 a5 14.Rg1 Nd7 15.f4 Nb6 16.f5 Bc5
17.Rg3 Bc4 18.O-O-O Bxf1 19.Rxf1 Bd6 20.Rgf3 Nd7 21.Ne2 Rhe8 22.f6+ gxf6
23.Bxh6 Be5 24.g5 Ke6 25.Nf4+ Bxf4+ 26.Rxf4 Rh8 27.Bg7 fxg5 28.hxg5 Rh7 29.Bf6 Rg8
30.Rd1  1/2-1/2

[Event "Wch U16"]
[Site "Singapore"]
[Date "1990.??.??"]
[Round "?"]
[White "Topalov, Veselin"]
[Black "Sakaev, Konstantin"]
[Result "1/2-1/2"]
[WhiteElo "2495"]
[BlackElo "2370"]

1.d4 Nf6 2.c4 e6 3.Nc3 Bb4 4.Qc2 O-O 5.a3 Bxc3+ 6.Qxc3 b6 7.Bg5 Bb7 8.f3 h6
9.Bh4 d5 10.e3 Nbd7 11.Nh3 c5 12.cxd5 Nxd5 13.Bxd8 Nxc3 14.Be7 Rfe8 15.Bd6 Nd5
16.Kd2 cxd4 17.exd4 Red8 18.Bc4 Nb8 19.Bxd5 Bxd5 20.Bxb8 Raxb8 21.Ke3 Rd7
22.Rac1 Rbd8 23.Nf2 f6 24.Rc3 Bb7 25.Rc4 Re8 26.Nd3 e5 27.dxe5 Ba6 28.Rc3 Bxd3
29.Rxd3 Rxe5+ 30.Kd2 Rde7 31.Kc3 Re2 32.Rd2 Rc7+ 33.Kd3 Re6  1/2-1/2

[Event "Wch U16"]
[Site "Singapore"]
[Date "1990.??.??"]
[Round "?"]
[White "Sakaev, Konstantin"]
[Black "Miladinovic, Igor"]
[Result "1/2-1/2"]
[WhiteElo "2370"]
[BlackElo "2360"]

1.d4 d5 2.c4 e6 3.Nf3 Nf6 4.Nc3 Be7 5.Bg5 O-O 6.e3 Nbd7 7.Rc1 a6 8.cxd5 exd5
9.Bd3 Re8 10.O-O c6 11.Qc2 Nf8 12.h3 Ne4 13.Bf4 Ng5 14.Bxg5 Bxg5 15.b4 Be7
16.Rb1 Bd6 17.a4 Qf6 18.e4 dxe4 19.Nxe4 Qf4 20.Rfe1 Be6  1/2-1/2

[Event "Dortmund-C"]
[Site "Dortmund"]
[Date "1991.??.??"]
[Round "1"]
[White "Kochyev, Alexander"]
[Black "Sakaev, Konstantin"]
[Result "1/2-1/2"]
[WhiteElo "2500"]
[BlackElo "2450"]

1.Nf3 Nf6 2.d4 e6 3.g3 b5 4.Bg2 Bb7 5.O-O c5 6.c3 Be7 7.Bg5 Na6 8.Qd3 Qb6
9.Nbd2 d5 10.a3 h6 11.Bxf6 Bxf6 12.e4 O-O 13.e5 Be7 14.b4 c4 15.Qe2  1/2-1/2

[Event "Dortmund-C"]
[Site "Dortmund"]
[Date "1991.??.??"]
[Round "5"]
[White "Mainka, Romuald"]
[Black "Sakaev, Konstantin"]
[Result "0-1"]
[WhiteElo "2430"]
[BlackElo "2450"]

1.e4 c5 2.Nf3 Nc6 3.d4 cxd4 4.Nxd4 Nf6 5.Nc3 e5 6.Ndb5 d6 7.Nd5 Nxd5 8.exd5 Ne7
9.c4 Nf5 10.Bd3 Be7 11.O-O O-O 12.Kh1 a6 13.Nc3 Nh4 14.f4 f5 15.Qc2 e4 16.Be2 g5
17.fxg5 Bxg5 18.b4 Bf6 19.Bh6 Rf7 20.Rad1 Ng6 21.Qd2 Be5 22.Bg5 Qf8 23.Bh5 Bd7
24.Ne2 b5 25.Nf4 bxc4 26.Qc2 Qc8 27.Bxg6 hxg6 28.Nxg6 Qe8 29.Nxe5 dxe5 30.Qc3 f4
31.g3 e3 32.Rde1 Bh3 33.Rg1 Qd7 34.Qxe5 Rf5 35.Qd4 Rxd5 36.Qxc4 Rc8 37.Qb3 Kh7
38.gxf4 Rd3  0-1

[Event "Dortmund-C"]
[Site "Dortmund"]
[Date "1991.??.??"]
[Round "6"]
[White "Sakaev, Konstantin"]
[Black "Keitlinghaus, Ludger"]
[Result "1-0"]
[WhiteElo "2450"]
[BlackElo "2400"]

1.d4 e6 2.c4 Bb4+ 3.Nc3 Bxc3+ 4.bxc3 f5 5.e4 fxe4 6.Qg4 Qe7 7.Qxe4 Nf6 8.Qe3 Nc6
9.Bd3 e5 10.Ne2 d6 11.O-O e4 12.Bc2 Na5 13.Qg5 b6 14.Ng3 Be6 15.Re1 h6 16.Qg6+ Qf7
17.Bxe4 O-O-O 18.Bf5 Qxg6 19.Rxe6 Qxf5 20.Nxf5 Rhe8 21.d5 Rxe6 22.dxe6 Ne8
23.Ne3 Nf6 24.Nf5 Ne8 25.Be3 c5 26.f4 Nxc4 27.Bf2 Kc7 28.Bh4 Rb8 29.Rd1 b5
30.Be7 Kc6 31.Bf8 Rb7 32.Rd3 a5 33.Rg3 b4 34.cxb4 cxb4 35.Nxg7 Nxg7 36.Bxg7 a4
37.Bf6 Rb8 38.e7 Kd7 39.f5 b3 40.axb3 axb3 41.e8=Q+ Rxe8 42.Rxb3 Ne3 43.Rb7+ Kc6
44.Rh7 Nxf5 45.g4 Rg8 46.h3 Rg6 47.Bh8 Kd5 48.Kf2 Nd4 49.Bg7 Ke4 50.Bxh6 d5
51.Re7+ Re6 52.Rxe6+ Nxe6 53.h4 d4 54.h5 Ke5 55.Kf3 d3 56.Ke3 Nc5 57.Bg7+ Ke6
58.Bd4  1-0

[Event "Dortmund-C"]
[Site "Dortmund"]
[Date "1991.??.??"]
[Round "8"]
[White "Sakaev, Konstantin"]
[Black "Padevsky, Nikola"]
[Result "1/2-1/2"]
[WhiteElo "2450"]
[BlackElo "2425"]

1.d4 Nf6 2.c4 e6 3.Nc3 d5 4.cxd5 exd5 5.Bg5 c6 6.e3 Be7 7.Bd3 Nbd7 8.Nge2 Nf8
9.Qc2 h6 10.Bh4 Nh5 11.Bxe7 Qxe7 12.h3 g6 13.O-O-O Be6 14.Kb1 O-O-O 15.f3 Kb8
16.Rhe1 Nd7 17.Nc1 Nhf6 18.Ka1 h5 19.Qf2 h4 20.e4 Nb6 21.Bc2 Nh5 22.Nd3 g5
23.Nc5 Nf4 24.Ne2 Nh5 25.Nc3 Nf4 26.Ne2 Nh5 27.Nc1 Qf6 28.e5 Qe7 29.N1b3 Nc4
30.Bd3 Nf4 31.Bxc4 dxc4 32.Na5 Nd3 33.Rxd3 cxd3 34.Ncxb7 Qc7 35.Nxd8 Rxd8
36.b4 c5 37.Qb2 cxb4 38.Qxb4+ Ka8 39.Rb1 Qd7 40.Rb2 Qc7 41.Rb1 Qb6 42.Qxb6 axb6
43.Nb3 Bxb3 44.axb3 Rxd4 45.Kb2  1/2-1/2

[Event "Dortmund-C"]
[Site "Dortmund"]
[Date "1991.??.??"]
[Round "9"]
[White "Rigo, Janos"]
[Black "Sakaev, Konstantin"]
[Result "0-1"]
[WhiteElo "2385"]
[BlackElo "2450"]

1.e4 c5 2.Nf3 Nc6 3.d4 cxd4 4.Nxd4 Nf6 5.Nc3 e5 6.Ndb5 d6 7.Bg5 a6 8.Bxf6 gxf6
9.Na3 b5 10.Nd5 Bg7 11.c3 f5 12.exf5 Bxf5 13.Nc2 Be6 14.a4 O-O 15.axb5 axb5
16.Rxa8 Qxa8 17.Nc7 Qa2 18.Nxe6 fxe6 19.Bxb5 Qxb2 20.Bxc6 Qxc3+ 21.Qd2 Qxc6
22.O-O d5 23.Ne3 Qa4 24.h3 Qf4 25.Qe2 Kh8 26.Qa6 Qf7 27.Qd6 e4 28.Nc2 h5
29.Qb6 Be5 30.Nd4 Rg8 31.Qxe6 Qg7 32.g4 Bxd4 33.Kh1 hxg4 34.Qxd5 gxh3 35.Qh5+ Qh7
36.Qd5 Qg7 37.Qh5+ Qh7 38.Qd5 Bf6 39.Re1 h2 40.Qd6 Bc3 41.Rc1 e3 42.Qc6 Qg7
43.Qxc3 Qxc3 44.Rxc3 Rg1+ 45.Kxh2 exf2 46.Rc2 f1=Q 47.Rc8+ Rg8  0-1

[Event "Groningen op"]
[Site "Groningen"]
[Date "1991.??.??"]
[Round "1"]
[White "Sakaev, Konstantin"]
[Black "Veerman, Johan"]
[Result "1-0"]
[WhiteElo "2495"]
[BlackElo "2330"]

1.d4 Nf6 2.c4 g6 3.Nc3 Bg7 4.e4 d6 5.f3 O-O 6.Be3 e5 7.Nge2 c6 8.Qd2 Nbd7
9.O-O-O a6 10.Kb1 b5 11.Nc1 Bb7 12.dxe5 dxe5 13.Nb3 Re8 14.g4 Nf8 15.Nc5 Qb8
16.h4 Ne6 17.Nxe6 Rxe6 18.h5 Re8 19.Qf2 Rd8 20.Rc1 Nd7 21.Qh2 Nf8 22.hxg6 fxg6
23.f4 exf4 24.Bxf4 Qa7 25.Bd6 Bc8 26.Be2 Be6 27.c5 Bd4 28.e5 Bxc5 29.Bxc5 Qxc5
30.Ne4 Qe7 31.Nf6+ Kh8 32.Rxc6 Bd5 33.Nxd5 Rxd5 34.e6 Rc5 35.Rxc5 Qxc5 36.Bd3 Qg5
37.Qd6 Re8 38.Re1 Qe7 39.Qxa6 Qb4 40.Re4 Qd2 41.Bc2 Qd5 42.e7 Nd7 43.Re1 Rxe7
44.Qc8+  1-0

[Event "Groningen op"]
[Site "Groningen"]
[Date "1991.??.??"]
[Round "8"]
[White "Kveinys, Aloyzas"]
[Black "Sakaev, Konstantin"]
[Result "1-0"]
[WhiteElo "2470"]
[BlackElo "2495"]

1.d4 Nf6 2.c4 g6 3.g3 Bg7 4.Bg2 O-O 5.Nc3 d6 6.Nf3 Nbd7 7.O-O e5 8.b3 Re8
9.Qc2 c6 10.Rd1 e4 11.Ng5 e3 12.fxe3 Ng4 13.Nge4 Ndf6 14.h3 Nxe4 15.Nxe4 Nh6
16.Nd2 Rxe3 17.Ne4 Nf5 18.Bxe3 Nxe3 19.Qc3 Nxd1 20.Rxd1 Bf5 21.Nf2 Qe7 22.g4 Be6
23.Qe3 Qf8 24.d5 cxd5 25.Bxd5 Re8 26.Qf3 Bxd5 27.Rxd5 Qe7 28.Kf1 b6 29.a4 Be5
30.Rd3 Rf8 31.Qd5 Kg7 32.Rf3 Rh8 33.Ne4 f6 34.Nf2 h5 35.Rd3 f5 36.gxf5 gxf5
37.Rf3 Rf8 38.Nd3 Qf7 39.Nb4 Qxd5 40.Nxd5 Rf7 41.Rf2 Bg3 42.Rf3 h4 43.e3 Kf8
44.Ke2 Ke8 45.b4 Be5 46.Kd3 Kd7 47.Rf1 Ke6 48.Nf4+ Bxf4 49.Rxf4 Rh7 50.Kd4 Rh8
51.b5 Rh7 52.e4 fxe4 53.Rxe4+ Kd7 54.Rf4 Ke6 55.Rg4 Kd7 56.Rg6 Kc7 57.Kd5 Rh5+
58.Ke4 Re5+ 59.Kd4 Rf5 60.Rg7+ Kb8 61.Rh7 d5 62.cxd5 Rf4+ 63.Ke5 Rxa4 64.Ke6 Re4+
65.Kd7 a6 66.bxa6  1-0

[Event "Groningen op"]
[Site "Groningen"]
[Date "1991.??.??"]
[Round "9"]
[White "Sakaev, Konstantin"]
[Black "Pomes Marcet, Juan"]
[Result "1-0"]
[WhiteElo "2495"]
[BlackElo "2410"]

1.d4 f5 2.Nc3 Nf6 3.Bg5 c6 4.e3 d5 5.Bxf6 exf6 6.Bd3 Bd6 7.Nf3 Be6 8.Ne2 Qc7
9.c3 Nd7 10.Qc2 g6 11.O-O-O O-O-O 12.Kb1 Kb8 13.h4 h5 14.g3 Rhe8 15.Nf4 Bxf4
16.gxf4 Nb6 17.Ka1 Nc4 18.Rhg1 Bf7 19.Nd2 b6 20.Nxc4 dxc4 21.Be2 Rg8 22.b3 cxb3
23.axb3 c5 24.Kb2 Bd5 25.dxc5 Qxc5 26.Rd4 Be4 27.Qd2 Rxd4 28.Qxd4 Qxd4 29.cxd4 Bd5
30.Bc4 Bxc4 31.bxc4 Kc7 32.Kc3 Kc6 33.f3 b5 34.e4 fxe4 35.fxe4 bxc4 36.Kxc4 Kd6
37.Ra1 Rc8+ 38.Kd3 Rc7 39.Ra6+ Ke7 40.e5 fxe5 41.fxe5 Kf7 42.d5 Rb7 43.Kc4  1-0

[Event "URS-ch U26"]
[Site "Kherson"]
[Date "1991.??.??"]
[Round "?"]
[White "Galdunts, Sergey"]
[Black "Sakaev, Konstantin"]
[Result "1/2-1/2"]
[WhiteElo "2470"]
[BlackElo "2450"]

1.e4 c5 2.Nc3 e6 3.Nge2 d6 4.g3 Nc6 5.Bg2 Nf6 6.O-O Be7 7.d3 Rb8 8.h3 b5
9.Be3 b4 10.Nb1 O-O 11.Nd2 Nd7 12.f4 Nb6 13.g4 Bd7 14.f5 Ne5 15.Nf4 Bg5 16.Qe2 Qe7
17.Kh1 a5 18.Nh5 f6 19.Nf4 Rbc8 20.Qf2 exf5 21.exf5 Bxf4 22.Bxf4 Bc6 23.Ne4 Nbd7
24.Rfe1 Kh8 25.Rad1 d5 26.Nd2 Rfe8 27.d4 cxd4 28.Nf3 d3 29.Kg1 dxc2 30.Qxc2 Ba8
31.Qf2 a4 32.Nd4 Nc5 33.Bxe5 fxe5 34.Ne6 e4 35.Nf4 Qe5 36.Ng6+ hxg6 37.Qh4+ Kg8
38.fxg6 Rc6 39.Qh7+ Kf8 40.Rf1+ Ke7 41.Rf5 Qxb2 42.Rdxd5 Nd7 43.Rf7+ Kd8
44.Rdxd7+ Kc8 45.Qh5 Qc1+ 46.Kh2 Rc5 47.Ra7 Bb7 48.Qh4 Rc7 49.Qf2 Qc6  1/2-1/2

[Event "URS-ch U26"]
[Site "Kherson"]
[Date "1991.??.??"]
[Round "?"]
[White "Komarov, Dimitri"]
[Black "Sakaev, Konstantin"]
[Result "1-0"]
[WhiteElo "2475"]
[BlackElo "2450"]

1.d4 d6 2.Bg5 c5 3.dxc5 Qa5+ 4.Nc3 Qxc5 5.Qd2 h6 6.Bf4 Nf6 7.e4 a6 8.O-O-O e5
9.Be3 Qc7 10.f4 Nbd7 11.Nf3 Be7 12.Nd5 Nxd5 13.exd5 e4 14.Nd4 Nf6 15.Kb1 b5
16.c4 bxc4 17.Rc1 Nxd5 18.Bxc4 Qb7 19.Nf5 Nxe3 20.Nxe3 Rb8 21.Bd5 Qa7 22.Bc6+ Bd7
23.Nd5 Bd8 24.Qe2 O-O 25.Bxd7 Qxd7 26.Qxe4 Qb5 27.Rc2 Re8 28.Qc4 Qxc4 29.Rxc4 Re2
30.Rc2 Re4 31.Rd1 f5 32.g3 Kf7 33.a3 g5 34.Ka2 a5 35.Rdd2 Ke6 36.Rc6 Kd7
37.Rc3 gxf4 38.gxf4 Ke6 39.Rh3 Kd7 40.Rxh6 Re6 41.Rh5 Bb6 42.Nxb6+ Rxb6 43.Rxf5 a4
44.Ra5 Re4 45.f5 Ke7 46.Rad5 Rf4 47.R5d4 Rxf5 48.Rxa4 d5 49.Rad4 Ke6 50.b4 Rc6
51.b5 Rc3 52.Rb2 Ke5 53.Ra4 Rf8 54.b6 Rb8 55.Rab4 Kd6 56.a4 Kc6 57.b7 d4
58.a5 Rc5 59.Rb6+ Kc7 60.a6 d3 61.R6b3  1-0

[Event "URS-ch U26"]
[Site "Kherson"]
[Date "1991.??.??"]
[Round "?"]
[White "Kruppa, Yuri"]
[Black "Sakaev, Konstantin"]
[Result "0-1"]
[WhiteElo "2480"]
[BlackElo "2450"]

1.e4 c5 2.Nf3 d6 3.d4 cxd4 4.Nxd4 Nf6 5.Nc3 e6 6.g4 a6 7.g5 Nfd7 8.h4 b5
9.Bg2 Nc5 10.h5 Nbd7 11.Qe2 Bb7 12.Qe3 b4 13.Nce2 a5 14.Bd2 Qb6 15.Ng3 Be7
16.f4 Bd8 17.O-O-O Rg8 18.Kb1 Bc7 19.g6 hxg6 20.hxg6 fxg6 21.Bh3 Nf8 22.Rhe1 Rh8
23.Bg4 Rh4 24.Be2 O-O-O 25.Nf3 Rh8 26.Ng5 Re8 27.Nf7 Rg8 28.e5 d5 29.Qg1 Re7
30.Ng5 Nfd7 31.Be3 Qc6 32.Bg4 Ba6 33.Ne2 Bxe2 34.Bxe2 Bb6 35.Nf3 Ne4 36.Bd3 Bxe3
37.Rxe3 Ndc5 38.Qxg6 Qb6 39.Rde1 Rf8 40.Qg4 Ref7 41.Bxe4 Rxf4 42.Qxg7 Nxe4
43.Qg1 Kb7 44.Nh2 Qd4 45.Rh3 Rf1 46.Rh7+ Kc6 47.Qxf1 Nd2+ 48.Kc1 Nxf1 49.Nxf1 Qf2
50.Rd1 Qf4+ 51.Nd2 Qxe5 52.Nb3 Qe3+ 53.Kb1 a4 54.Nc1 Qe4 55.Rh2 Rf3 56.Re2 Re3
57.Rxe3 Qxe3 58.Nd3 b3 59.axb3 axb3 60.cxb3 Kb5 61.Kc2 Qe2+ 62.Rd2 Qe4 63.Rd1 e5
64.Re1 Qg2+ 65.Kb1 Qd2  0-1

[Event "URS-ch U26"]
[Site "Kherson"]
[Date "1991.??.??"]
[Round "?"]
[White "Serper, Grigory"]
[Black "Sakaev, Konstantin"]
[Result "1/2-1/2"]
[WhiteElo "2490"]
[BlackElo "2450"]

1.c4 e5 2.g3 Nc6 3.Bg2 d6 4.Nc3 f5 5.d3 Nf6 6.e4 g6 7.Nge2 Bg7 8.O-O O-O
9.Nd5 Be6 10.Bg5 Qd7 11.Qd2 Nh5 12.exf5 gxf5 13.f4 Kh8 14.Rae1 Rae8 15.b4 Nd8
16.Ne3 Nf7 17.Bh4 exf4 18.gxf4 Nh6 19.h3 b6 20.b5 Qf7 21.Kh2 Ng8 22.Bc6 Rc8
23.Rg1 Ne7 24.Bf3 Nf6 25.Nc3 Rce8 26.Re2 Ng6 27.Bg3 Bh6 28.Ncd5  1/2-1/2

[Event "URS-ch U26"]
[Site "Kherson"]
[Date "1991.??.??"]
[Round "?"]
[White "Tiviakov, Sergei"]
[Black "Sakaev, Konstantin"]
[Result "1/2-1/2"]
[WhiteElo "2520"]
[BlackElo "2450"]

1.e4 c5 2.Nf3 d6 3.d4 cxd4 4.Nxd4 Nf6 5.Nc3 e6 6.Be2 Be7 7.O-O O-O 8.Be3 Nc6
9.f4 e5 10.Nb3 exf4 11.Rxf4 Ne8 12.Qd2 Bf6 13.Rff1 Be5 14.Nd4 Nf6 15.h3 Be6
16.Rad1 a6 17.Nxc6 bxc6 18.Bd4 Qa5 19.Qe3 Bxd4 20.Rxd4 Qe5 21.Qd3 Rfd8 22.Rd1 Ne8
23.Ra4 a5 24.Qd4 Qxd4+ 25.Raxd4 Rdb8 26.b3 Kf8 27.Na4 c5 28.R4d2 c4 29.Rd4 cxb3
30.axb3 Ra7 31.Kf2 Rc7 32.R1d2 Ke7 33.Nb2 Nf6 34.Nd1 Rb6 35.Ne3 Rc5 36.Bc4 Bxc4
37.Nxc4 Ra6 38.Kf3 Ne8 39.Rd1 g6 40.Ra1 Nc7 41.Ke3 d5 42.exd5 Nxd5+ 43.Kd2 Nb6
44.Re1+ Kf8 45.Ne5 Kg7 46.c4 Rc7 47.Kc3 f6 48.Nd3 Kf7 49.Nf4 Rc5 50.Rde4 Ra7
51.Re6 Rb7 52.Rd6 Nc8 53.Rd8 Rc6 54.Ra1 Ra7 55.Rd5 Rca6 56.Nd3 Nb6 57.Rb5 Nd7
58.Rd1 Rd6 59.Re1 g5 60.c5 Rda6 61.Kc4 a4 62.Kd5 axb3 63.Rxb3 Ra2 64.c6 Rd2
65.Reb1 Ra5+ 66.Kc4 Ne5+ 67.Nxe5+ fxe5 68.Rf3+ Ke6 69.Rb8  1/2-1/2

[Event "URS-ch U26"]
[Site "Kherson"]
[Date "1991.??.??"]
[Round "?"]
[White "Sakaev, Konstantin"]
[Black "Minasian, Artashes"]
[Result "1-0"]
[WhiteElo "2450"]
[BlackElo "2495"]

1.d4 Nf6 2.c4 g6 3.Nc3 Bg7 4.e4 d6 5.h3 O-O 6.Nf3 e5 7.d5 a5 8.Bg5 Na6 9.g4 c6
10.Nd2 h6 11.Be3 Bd7 12.Be2 Nc7 13.h4 cxd5 14.exd5 b5 15.g5 hxg5 16.hxg5 Nh7
17.cxb5 Nxg5 18.b6 Ne8 19.Nc4 Bc8 20.Qd2 Nh7 21.O-O-O f5 22.f3 Rf7 23.Rdg1 Nf8
24.Nb5 f4 25.Bf2 Bf5 26.Bd3 Rc8 27.Na7 Bxd3 28.Qxd3 e4 29.fxe4 Rxa7 30.bxa7 Qf6
31.Kd1 Nd7 32.Qh3 Rxc4 33.Qe6+  1-0

[Event "URS-JUG U20"]
[Site "Leningrad"]
[Date "1991.??.??"]
[Round "?"]
[White "Sakaev, Konstantin"]
[Black "Savicevic, Vlatko"]
[Result "1-0"]
[WhiteElo "2450"]
[BlackElo "2305"]

1.d4 d6 2.c4 g6 3.Nc3 Bg7 4.e4 Nd7 5.Be2 e5 6.d5 a5 7.g4 Nc5 8.Bf3 f5 9.gxf5 gxf5
10.Be3 Nf6 11.Bxc5 dxc5 12.Bh5+ Ke7 13.Bf3 h5 14.Qe2 Kf7 15.O-O-O Ra6 16.Kb1 Bd7
17.h4 Ng4 18.Bg2 Bf6 19.Nf3 Rb6 20.Ka1 a4 21.a3 f4 22.Bh3 Rd6 23.Rdg1 Rg8
24.Rg2 Qe7 25.Nh2 Bxh4 26.Nxg4 hxg4 27.Bxg4 Kf8 28.Bh3 Rxg2 29.Bxg2 Qg5 30.Bf3 b6
31.Qf1 Rg6 32.Bd1 f3 33.Bxf3 Qf4 34.Bd1 Bxf2 35.Bxa4 Bxa4 36.Nxa4 Qd2 37.Qh3  1-0

[Event "URS-JUG U20"]
[Site "Leningrad"]
[Date "1991.??.??"]
[Round "?"]
[White "Sakaev, Konstantin"]
[Black "Mitkov, Nikola"]
[Result "1-0"]
[WhiteElo "2450"]
[BlackElo "2370"]

1.e4 e5 2.Nf3 Nc6 3.c3 d5 4.Bb5 Qd6 5.exd5 Qxd5 6.Qe2 f6 7.d4 Bg4 8.c4 Bxf3
9.cxd5 Bxe2 10.Kxe2 a6 11.dxc6 axb5 12.cxb7 Rb8 13.dxe5 fxe5 14.a4 bxa4 15.Rxa4 Rxb7
16.Ra8+ Kf7 17.Rd1 Be7 18.Nc3 h6 19.Ne4 Rh7 20.Rd7 Nf6 21.Nxf6 Kxf6 22.Ra6+ Rb6
23.Rxb6+ cxb6 24.Rb7 Rh8 25.Rxb6+ Kf7 26.Be3 Rc8 27.b4 e4 28.b5 Rc2+ 29.Kd1 Rc7
30.Ra6 Rd7+ 31.Kc2 Rb7 32.b6 Ke6 33.Kb3 Bf6 34.Kc4 Be5 35.Kb5 Kd5 36.Ra5 Bd6
37.Ra7  1-0

[Event "URS-JUG U20"]
[Site "Leningrad"]
[Date "1991.??.??"]
[Round "?"]
[White "Popov, Sinisa"]
[Black "Sakaev, Konstantin"]
[Result "1/2-1/2"]
[WhiteElo "2305"]
[BlackElo "2450"]

1.e4 c5 2.c3 d5 3.exd5 Qxd5 4.d4 e6 5.Nf3 Nf6 6.Be2 cxd4 7.cxd4 Nc6 8.Nc3 Qd6
9.O-O Be7 10.Be3 O-O 11.a3 b6 12.b4 Bb7 13.Qb3 Rad8 14.h3 h6 15.Rfd1 Rd7
16.Rd2 Rfd8 17.Rad1 a6 18.d5 exd5 19.Bxb6 Ne5 20.Bxd8 Bxd8 21.Nxe5 Qxe5 22.Bf3 Bc7
23.g3 Bb8 24.Kg2 Rc7 25.Na4 Ba7 26.Rc2 Ne4 27.Nc5 Bc6 28.Re2 Rc8 29.Qb2 Qe7
30.Rc1 Bb5 31.Ree1 Bxc5 32.bxc5 Rxc5 33.Qb4 Rxc1 34.Rxc1 Qxb4 35.axb4 f5
36.Rc2 d4 37.g4 Nc3 38.gxf5 Kf7 39.Rd2 d3 40.Kg3 Kf6 41.Kf4 Nb1 42.Rb2 Na3
43.Rb3 Nc2 44.Be4 Nd4 45.Rb2 Nc2 46.Rb1 Bc4 47.h4 Bb5 48.Bd5 Nd4 49.Be4  1/2-1/2

[Event "URS-JUG U20"]
[Site "Leningrad"]
[Date "1991.??.??"]
[Round "?"]
[White "Saric, Igor"]
[Black "Sakaev, Konstantin"]
[Result "0-1"]
[WhiteElo "2270"]
[BlackElo "2450"]

1.e4 c5 2.b3 Nc6 3.Bb2 Nf6 4.Nc3 e6 5.Nf3 Qc7 6.Bb5 Nd4 7.Bd3 Nxf3+ 8.Qxf3 a6
9.Qg3 Qxg3 10.hxg3 d6 11.Nd1 Nd7 12.Ne3 b6 13.O-O-O h6 14.f4 Bb7 15.Rhe1 O-O-O
16.Be2 Bxe4 17.Bxa6+ Kc7 18.Bb5 Nf6 19.Re2 Be7 20.d4 d5 21.Bd3 h5 22.dxc5 Bxc5
23.Bxf6 gxf6 24.Bxe4 dxe4 25.f5 Rhg8 26.Rxd8 Kxd8 27.fxe6 fxe6 28.Nf1 f5
29.Kd1 Kc7 30.c3 Bd6 31.Re3 Kd7 32.Ke1 Ke7 33.b4 b5 34.Kf2 Rc8 35.Ke1 Be5
36.a3 Bxc3+ 37.Kd1 Be5 38.Kd2 h4 39.Rb3 hxg3 40.Nxg3 Rg8  0-1